000 00736nam a2200241 i 4500
001 C2-0330131
003 PPAK
005 20180728131013.0
008 150318s2010 nyu |||| ||||| | eng d
020 _a9780452296312
040 _aPPAK
_beng
_cPPAK
_erda
082 0 4 _a306.74092
_223
090 0 0 _a306.74092
_bLAU
_dG
100 1 _aLauren, Jillian,
_eauthor
245 1 0 _aSome girls :
_bmy life in a Harem
264 1 _aNew York :
_bPenguin Group ,
_c2010
300 _a339 pages ;
_c20 cm
336 _2rdacontent
_atext
337 _2rdamedia
_aunmediated
338 _2rdacarrier
_avolume
650 1 0 _aLauren, Jillian ; Prostitutes - United States (Biography). ; Harems - Borneo. ; Identity (Psychology).
942 _ddc
_cB
999 _c129233
_d129233